Los servicios públicos como derecho de los individuos /

Guardado en:
Bibliografiske detaljer
Hovedforfatter: Cordero Torres, Jorge Martín
Format: Texto
Tags: Tilføj Tag
Ingen Tags, Vær først til at tagge denne postø!

MARC

LEADER 00000 a a2200000 04500
001 46533
003
040
100 |a Cordero Torres, Jorge Martín  
245 |a Los servicios públicos como derecho de los individuos /  |c Jorge Martín Cordero Torres  
773 |g volumen36, número4 ( , 2011), páginas 682-701  
999 |c 26515  |d 26515